Normal view MARC view
  • Politics & Social Sciences, Politics & Government,International & World Politics , Arms Control

Entry Topical Term

Number of records used in: 3

001 - CONTROL NUMBER

  • control field: 10373

003 - CONTROL NUMBER IDENTIFIER

  • control field: NUST

005 - DATE AND TIME OF LATEST TRANSACTION

  • control field: 20180521055400.0

008 - FIXED-LENGTH DATA ELEMENTS

  • fixed length control field: 180521|| aca||aabn | a|a d

040 ## - CATALOGING SOURCE

  • Original cataloging agency: NUST
  • Transcribing agency: NUST

150 ## - HEADING--TOPICAL TERM

  • Topical term or geographic name entry element: Politics & Social Sciences, Politics & Government,International & World Politics , Arms Control

670 ## - SOURCE DATA FOUND

  • Source citation: Work cat.: (NUST): Security, Cooperation and Disarmament, 1998
© 2023 Central Library, National University of Sciences and Technology. All Rights Reserved.